[Event "Minsk op"]
[Site "Minsk"]
[Date "2023.11.11"]
[Round "9"]
[White "Shimakov, Dmitriy"]
[Black "Halavan, Ihar"]
[Result "1/2-1/2"]
[WhiteElo "1352"]
[BlackElo "1172"]
[PlyCount "120"]
[EventDate "2023.11.03"]
[EventType "swiss"]
[EventRounds "9"]
[EventCountry "BLR"]
[SourceTitle "CBM 217 Extra"]
[Source "ChessBase"]
[SourceDate "2024.01.31"]
[SourceVersion "1"]
[SourceVersionDate "2024.01.31"]
[SourceQuality "1"]

1. e4 c5 2. Nf3 d6 3. c4 Nc6 4. d4 cxd4 5. Nxd4 Qa5+ 6. Nc3 Nxd4 7. Qxd4 Bd7 8. Be2 Nf6 9. 0-0 g6 10. Bd2 Qd8 11. b4 Bg7 12. a4 0-0 13. Qd3 b6 14. a5 bxa5 15. Rxa5 Qb6 16. Nd5 Nxd5 17. Qxd5 Bc6 18. Qd3 a6 19. c5 dxc5 20. bxc5 Qb7 21. Rb1 Bb5 22. Qc2 Qc6 23. Bxb5 axb5 24. Raxb5 Rac8 25. Be3 Be5 26. Rb6 Qa8 27. c6 Rc7 28. g3 Rfc8 29. Rc1 Bd6 30. Bd4 e5 31. Be3 Kh8 32. Qc3 Qa3 33. Qc4 Kg7 34. Qb5 Kf6 35. Rb7 Kg7 36. Rxc7 Rxc7 37. Rd1 Kf6 38. Kg2 Ke7 39. Bb6 Rc8 40. c7 Qa8 41. f3 Qa2+ 42. Kh3 Qe6+ 43. g4 h5 44. Bc5 hxg4+ 45. fxg4 Bxc5 46. Qxc5+ Ke8 47. Rd6 Qe7 48. Qc6+ Kf8 49. Rd7 Qg5 50. Qd6+ Kg7 51. Qd3 Qh6+ 52. Kg2 Qf4 53. Qf3 Qxf3+ 54. Kxf3 Kf6 55. Rd6+ Ke7 56. Rc6 g5 57. Rc4 Kd6 58. Ke3 Rxc7 59. Rxc7 Kxc7 60. Kd3 Kd6 1/2-1/2

[Event "Minsk op"]
[Site "Minsk"]
[Date "2023.11.05"]
[Round "3"]
[White "Klachkou, Tsimafei"]
[Black "Shimakov, Dmitriy"]
[Result "1-0"]
[WhiteElo "1843"]
[BlackElo "1352"]
[PlyCount "115"]
[EventDate "2023.11.03"]
[EventType "swiss"]
[EventRounds "9"]
[EventCountry "BLR"]
[SourceTitle "CBM 217 Extra"]
[Source "ChessBase"]
[SourceDate "2024.01.31"]
[SourceVersion "1"]
[SourceVersionDate "2024.01.31"]
[SourceQuality "1"]

1. Nf3 Nf6 2. c4 e6 3. g3 d5 4. d4 Be7 5. Bg2 0-0 6. 0-0 Nbd7 7. Nbd2 c5 8. cxd5 exd5 9. dxc5 Bxc5 10. Nb3 Bb6 11. Bf4 Nc5 12. Rc1 Nfe4 13. Nxc5 Bxc5 14. e3 b6 15. a3 a5 16. Nd2 f5 17. Nb3 Ba6 18. Re1 Rc8 19. f3 Nf6 20. Nxc5 Rxc5 21. Rxc5 bxc5 22. Qc2 Nd7 23. Bd6 Re8 24. Qxf5 d4 25. Bxc5 Nxc5 26. Qxc5 dxe3 27. f4 Qd2 28. Qd5+ Qxd5 29. Bxd5+ Kf8 30. Bf3 Re7 31. b4 axb4 32. axb4 Ke8 33. Bc6+ Kd8 34. b5 Kc7 35. bxa6 Kxc6 36. Ra1 Kb6 37. a7 Rxa7 38. Rxa7 Kxa7 39. Kf1 Kb6 40. Ke2 Kc6 41. Kxe3 Kd6 42. Kd4 Ke6 43. Ke4 Kf6 44. g4 g6 45. Kd5 Ke7 46. Ke5 Kf7 47. g5 Ke7 48. h3 Ke8 49. Ke6 Kf8 50. Kd7 Kg8 51. Ke7 Kg7 52. h4 Kg8 53. h5 Kg7 54. hxg6 Kxg6 55. Ke6 Kg7 56. f5 Kf8 57. Kf6 Kg8 58. Ke7 1-0